| 000 | 00363pam a2200157a 44500 | ||
|---|---|---|---|
| 008 | 230405s1995 xxu||||| |||| 00| 0 eng d | ||
| 041 | _aENG | ||
| 100 | _aADCOCK D. | ||
| 245 | _aMARKETING PRINCIPLES & PRACTICE | ||
| 250 | _a1995 | ||
| 260 |
_aNEW DELHI _bPITMAN _c1995 |
||
| 300 | _a420 | ||
| 650 | _aMARKETING MANAGEMENT | ||
| 690 | _aMBA | ||
| 906 | _a5681 | ||
| 999 |
_c286492 _d286492 |
||